| 000 | 00563nam a2200193 i 4500 | ||
|---|---|---|---|
| 001 | 63811 | ||
| 003 | ES-MaACL | ||
| 005 | 20250528160221.0 | ||
| 007 | t| | ||
| 008 | 031217s1970 sp ||||1| spa d | ||
| 100 | 1 |
_aFigueroa, Natalia. _950788 |
|
| 245 | 1 | 0 |
_aTipos de ahora mismo / _cNatalia Figueroa ; dibujos de Mingote. |
| 250 | _a[2ยช ed.]. | ||
| 260 |
_a[Madrid : _bMyr, _c1970] |
||
| 300 |
_a248 p. : _bil. ; _c27 cm. |
||
| 700 | 1 |
_aMingote, Antonio, _d1919-2012 _9240761 |
|
| 852 |
_aES-MaACL _jE-5825 _bR.90177 |
||
| 999 |
_c63811 _d63811 |
||